Sportifs par pays #1 - Statistiques

Statistiques générales
  • Ce quiz a été pris 974 fois
  • Le résultat moyen est 15 sur 20
Statistiques - réponses
Indice Réponse % Correct
Cristiano Ronaldo Portugal
100%
LeBron James Etats-Unis
99%
Teddy Riner France
97%
Lionel Messi Argentine
96%
Usain Bolt Jamaique
94%
Serena Williams Etats-Unis
90%
Rafael Nadal Espagne
88%
Lewis Hamilton Royaume-Uni
87%
Conor McGregor Irlande
84%
Federica Pellegrini Italie
78%
Annemiek van Vleuten Pays-Bas
74%
Khabib Nurmagomedov Russie (Daghestan)
74%
Tom Brady Etats-Unis
69%
Giannis Antetokounmpo Grèce / Nigeria
65%
Marit Björgen Norvège
60%
Nairo Quintana Colombie
55%
Allyson Felix Etats-Unis
47%
Eliud Kipchoge Kenya
42%
Jonah Lomu Nouvelle Zélande
42%
Virat Kohli Inde
25%
Aucun quiz correspondant
Distribution des résultats
% des personnes avec chaque résultat
Percentile par nombre de réponses
Votre historique - résultats
Vous n’avez pas pris ce quiz